000 01006nas a2200337 4500
001 BR2012006372
003 BR-BrBNA
005 20231205121046.0
007 ta
008 230509b bl.|||p| |||| 00| 00por d
040 _aBR-BrBNA
_bpor
_cBiblioteca Nacional de Agricultura
041 _a(Pt)
072 _aE70; E71
100 1 _aParizzi, F.C.
100 1 _aParizzi, P.
100 1 _aCampos, S.R.F. e
100 1 _aOliveira, A.B.
245 1 _aAspectos regulatórios associados ao agronegócio de pimentas
650 _aPIMENTA
650 _aPRODUTO
650 _aSEMENTE
650 _aMUDA
650 _aCADEIA PRODUTIVA
650 _aMERCADO NACIONAL
650 _aMERCADO INTERNACIONAL
650 _aAGRONEGÓCIO
650 _aLEGISLAÇÃO
773 0 _tInforme Agropecuário - Empresa de Pesquisa Agropecuária de Minas Gerais (Brazil)
_xISSN 0100-3364
_g(Mar-Apl 2012), v. 33(267) p. 78-87
_wBR2012006372
909 _a202311
_bLúcia
_c55
_dLúcia Elande
942 _2AGRIS
_n0
_cANA
999 _c221649
_d221649